Sports Quiz

Random Sports Quiz
Score 0/7 Timer 05:00
0 Plays Today
First-last All-Star selection with team Player % Correct
2007-2012Dwight Howard
98.5%
1993-1996Shaquille O'Neal
90.5%
2009-2009Jameer Nelson
82.2%
1995-1998Anfernee Hardaway
82%
2001-2004Tracy McGrady
79.2%
2009-2009Rashard Lewis
67%
2001-2005Grant Hill
60.4%
Remove Ads.
Support Sporcle.
Get the best of Sporcle when you Go Orange. This ad-free experience offers more features, more stats, and more fun while also helping to support Sporcle. Thank you for becoming a member.

You're not logged in!

Compare scores with friends on all Sporcle quizzes.
OR
Log In

Show Comments

Extras

Top Quizzes Today


Score Distribution

Your Account Isn't Verified!

In order to create a playlist on Sporcle, you need to verify the email address you used during registration. Go to your Sporcle Settings to finish the process.

Report this User

Report this user for behavior that violates our Community Guidelines.

Details: